000 00401nam a2200145Ia 4500
008 180921t xxu||||| ||||o00| 0 eng d
041 _aeng
080 _aVol.3 1880-1885
245 _aordinances Nos : No.9.-1880.An ordinance To Provide For Taking A Census From Time To Time.
300 _ap.8-12, 23 cm
650 _aCensus
942 _cBK
999 _c50865
_d50865
003 LK-CoDNM
040 _aLK-CoDNM
_dLK-CoDNM
_eLK-CoDNM